Tecnología química del petróleo / (Registro nro. 75940)
[ vista simple ]
| 000 -LEADER | |
|---|---|
| campo de control de longitud fija | 00659nam a2200193 i 4500 |
| 001 - NÚMERO DE CONTROL | |
| campo de control | 75940 |
| 003 - IDENTIFICADOR DE NÚMERO DE CONTROL | |
| campo de control | ES-MaACL |
| 005 - FECHA Y HORA DE LA ÚLTIMA TRANSACCIÓN | |
| campo de control | 20230906172648.0 |
| 007 - CAMPO FIJO DE DESCRIPCIÓN FÍSICA--INFORMACIÓN GENERAL | |
| campo de control de longitud fija | t| |
| 008 - DATOS DE LONGITUD FIJA--INFORMACIÓN GENERAL | |
| campo de control de longitud fija | 040928s1964 sp ||||1| spa d |
| 100 1# - ENTRADA PRINCIPAL--NOMBRE DE PERSONA | |
| Nombre de persona | Gruse, William A. |
| 9 (RLIN) | 60258 |
| 245 10 - MENCIÓN DEL TÍTULO | |
| Título | Tecnología química del petróleo / |
| Mención de responsabilidad, etc. | William A. Gruse, Donald R. Stevens ; traducción por Julián Domínguez Sanz y José Capsir Albalat. |
| 260 ## - PUBLICACIÓN, DISTRIBUCIÓN, ETC. | |
| Lugar de publicación, distribución, etc. | Barcelona : |
| Nombre del editor, distribuidor, etc. | Omega, |
| Fecha de publicación, distribución, etc. | [1964] |
| 300 ## - DESCRIPCIÓN FÍSICA | |
| Extensión | 704 p. : |
| Otras características físicas | il. ; |
| Dimensiones | 23 cm. |
| 700 1# - ENTRADA AGREGADA--NOMBRE PERSONAL | |
| Nombre de persona | Stevens, Donald R. |
| 9 (RLIN) | 108155 |
| 700 1# - ENTRADA AGREGADA--NOMBRE PERSONAL | |
| Nombre de persona | Domínguez Sanz, Julián. |
| 9 (RLIN) | 45250 |
| 700 1# - ENTRADA AGREGADA--NOMBRE PERSONAL | |
| Nombre de persona | Capsir Albalat, José. |
| 9 (RLIN) | 34911 |
| 852 ## - LOCALIZACIÓN | |
| Ubicación | ES-MaACL |
| Número de control de estantería | C-26736 |
| Sublocalización o colección | R.55921 |
| Estatus retirado | Estado de pérdida | Estado de daño | No para préstamo | Biblioteca de origen | Biblioteca actual | Ubicación en estantería | Fecha de adquisición | Fuente de adquisición | Total de préstamos | Signatura topográfica completa | Código de barras | Visto por última vez | Precio de reemplazo | Tipo de ítem Koha |
|---|---|---|---|---|---|---|---|---|---|---|---|---|---|---|
| Biblioteca del Ateneo de Madrid | Biblioteca del Ateneo de Madrid | Depósito 2 | 17/01/2008 | C-26736 | 1079479 | 23/02/2023 | 23/02/2023 | Libro impreso |
